<?xml version="1.0" encoding="UTF-8"?>
<collection xmlns="http://www.loc.gov/MARC21/slim">
  <record>
    <leader>00000nam  2200000   4500</leader>
    <controlfield tag="001">INLIS000000000019130</controlfield>
    <controlfield tag="005">20250206121456</controlfield>
    <datafield tag="035" ind1="#" ind2="#">
      <subfield code="a">0010-0225000087</subfield>
    </datafield>
    <controlfield tag="007">ta</controlfield>
    <controlfield tag="008">250206################g##########0#ind##</controlfield>
    <datafield tag="020" ind1="#" ind2="#">
      <subfield code="a">978 602 17262 0 5</subfield>
    </datafield>
    <datafield tag="082" ind1="#" ind2="#">
      <subfield code="a">665.598 331 4</subfield>
    </datafield>
    <datafield tag="084" ind1="#" ind2="#">
      <subfield code="a">665.598 331 4 ABU a</subfield>
    </datafield>
    <datafield tag="100" ind1=" " ind2="#">
      <subfield code="a">Abubakar, M Dahlan</subfield>
    </datafield>
    <datafield tag="245" ind1="1" ind2="#">
      <subfield code="a">Asa Dari Bunyu :</subfield>
      <subfield code="b">Catatan Batin Laskar Migas Region KTI /</subfield>
      <subfield code="c">M Dahlan Abubakar, Yusuf Said, Azhar Azis</subfield>
    </datafield>
    <datafield tag="250" ind1="#" ind2="#">
      <subfield code="a">Cetakan ke 2</subfield>
    </datafield>
    <datafield tag="260" ind1="#" ind2="#">
      <subfield code="b">Pertamina EP Region KTI,</subfield>
      <subfield code="c">2012</subfield>
    </datafield>
    <datafield tag="300" ind1="#" ind2="#">
      <subfield code="a">vi, 264 halaman :</subfield>
      <subfield code="b">Ilus ;</subfield>
      <subfield code="c">25 cm</subfield>
    </datafield>
    <datafield tag="650" ind1="#" ind2="4">
      <subfield code="a">Pertambangan</subfield>
    </datafield>
    <datafield tag="650" ind1="#" ind2="4">
      <subfield code="a">Pertamina</subfield>
    </datafield>
    <datafield tag="700" ind1=" " ind2="#">
      <subfield code="a">Yusuf Said, Azhar Azis</subfield>
    </datafield>
    <datafield tag="520" ind1="#" ind2="#">
      <subfield code="a">Bunyu karunia Tuhan untuk Indonesia. Prestasi migas bunyu tidak sekedar lahir dari sumur tua yang selalu berisi, tapi juga lahir dari tetesan peluh kerja laskar Pertamina EP yang tak pernah kering, dan juga tak henti menetes. Memompa Minyak dari sumur Bunyu seperti memompa etos berbalut semangat nasionalisme, menjadi untuk negeri.</subfield>
    </datafield>
    <datafield tag="990" ind1="#" ind2="#">
      <subfield code="a">140316504</subfield>
    </datafield>
  </record>
</collection>
